The solar electric house : energy for the environmentally-responsive,energy-independent home

Bibliographic Details
Main Author: Strong, Steven J
Other Authors: Scheller, William
Format: Book
Published: Massachusetts : Sustainability Press , 1993
Subjects:

MARC

LEADER 00000cam a2200000 7i4500
001 0000007330
002 000007883
005 20000330.0
020 |a 0963738321 
090 0 0 |a 697.78   |b STO 
100 1 |a Strong, Steven J 
245 1 4 |a The solar electric house :   |b energy for the environmentally-responsive,energy-independent home   |c Steven J.Strong, William G. Scheller 
260 |a Massachusetts :   |b Sustainability Press ,   |c 1993 
300 |a 276p. :   |b ill. ;   |c 23cm. 
650 0 0 |a Photovoltaic power generation 
650 0 0 |a Solar houses 
700 1 |a Scheller, William 
999 |a 051991   |b BUKU   |c PINJAMAN   |e PERPUSTAKAAN KOMUNITI PETALING JAYA